Nuts, rubber and sustainable development in Amazonia (Record no. 64265)

MARC details
000 -LEADER
fixed length control field 00415nam a2200169Ia 4500
100 ## - MAIN ENTRY--AUTHOR NAME
Personal name Assies W
245 #0 - TITLE STATEMENT
Title Nuts, rubber and sustainable development in Amazonia
260 ## - PUBLICATION, DISTRIBUTION, ETC. (IMPRINT)
Name of publisher Derde Wereld
Year of publication 1997
300 ## - PHYSICAL DESCRIPTION
Number of Pages 309-327
500 ## - GENERAL NOTE
General note Source Year: 1997
650 ## - SUBJECT ADDED ENTRY--TOPICAL TERM
Topical Term Amazonia
650 ## - SUBJECT ADDED ENTRY--TOPICAL TERM
Topical Term Rubber
650 ## - SUBJECT ADDED ENTRY--TOPICAL TERM
Topical Term Rubber industry
856 ## - ELECTRONIC LOCATION AND ACCESS
Uniform Resource Identifier AEDR
942 ## - ADDED ENTRY ELEMENTS (KOHA)
Koha item type Journals
Holdings
Withdrawn status Lost status Damaged status Not for loan Home library Current library Shelving location Date acquired Serial Enumeration / chronology Koha item type
      Journals RRII Library RRII Library Agricultural economics 17/12/2021 Volume 15, Issue 04-Mar Journals